Elements of export practice (Бичлэгийн дугаар. 145961)
| 000 -УДИРДЛАГА | |
|---|---|
| Удирдлага | 00878nam a22003257a 4500 |
| 003 - ХЯНАЛТЫН ТОО ТОДОРХОЙЛОГЧ | |
| Код | MN-UlNUM |
| 005 - БИЧИЛТ ХИЙСЭН ОГНОО | |
| Тухайн бичилтийг бичсэн засварласан сүүлийн огноо | 20251217143200.0 |
| 008 - ЕРӨНХИЙ МЭДЭЭЛЭЛ | |
| Ерөнхий мэдээлэл | 251217s1985 enkab||| |||| 001 0 eng | |
| 020 ## - ISBN | |
| ISBN | 0412270005 |
| 040 ## - БИЧЛЭГ ҮҮСГЭГЧ БАЙГУУЛЛАГА | |
| Бичлэг үүсгэгч номын сангийн код | МУИС-ийн номын сан |
| 084 ## - ББК АНГИЛАЛ | |
| Нэмэлт тусгалт | Бусад |
| ББК ангилал | 65.290-2 |
| Зохиогчийн гурван тэмдэгт | B 84 |
| Мэдлэгийн ялгаа | 65 - Эдийн засаг |
| 100 1# - ЗОХИОГЧ | |
| Зохиогчийн нэр | Branch, Alan E. |
| 245 10 - ҮНДСЭН ГАРЧИГ | |
| Номын нэр | Elements of export practice |
| Оролцогчдын тухай мэдээ | Alan E. Branch. |
| 250 ## - ДАХИН ХЭВЛЭЛТ | |
| Дахин гаралтын дугаар | 2nd ed. |
| 260 ## - ГАРАЛТЫН МЭДЭЭ | |
| Хэвлэгдсэн газар | New York : |
| Хэвлэлийн газар | Chapman and Hall, |
| Хэвлэгдсэн он | 1985. |
| 300 ## - МАТЕРИАЛЫН ТОДОРХОЙЛОЛТ | |
| хуудасны тоо | x, 450 p.: |
| Бусад тоон мэдээлэл | ill. ; |
| Хэмжээ | 22 cm. |
| 500 ## - Тайлбар | |
| Дансны дугаар | БС 4602 |
| 546 ## - ХЭЛНИЙ ТУХАЙ МЭДЭЭ | |
| Хэл | Англи хэл дээр, |
| 653 ## - Түлхүүр үг | |
| Түлхүүр үг | exports |
| 653 ## - Түлхүүр үг | |
| Түлхүүр үг | great Britain |
| 653 ## - Түлхүүр үг | |
| Түлхүүр үг | handbooks |
| 653 ## - Түлхүүр үг | |
| Түлхүүр үг | manuals |
| 740 ## - НОМЫН ГАРЧИГ | |
| Гарчиг | International Trade |
| 740 ## - НОМЫН ГАРЧИГ | |
| Гарчиг | The Export and Shipping Office |
| 740 ## - НОМЫН ГАРЧИГ | |
| Гарчиг | Characteristics of International Transport Modes |
| 740 ## - НОМЫН ГАРЧИГ | |
| Гарчиг | Freight Rates |
| 942 ## - ЭЛЕМЕНТИЙН ТӨРӨЛ | |
| Зүйлийн төрөл | Ном |
